Maintanance cost trends [wall chart] (Record no. 94822)

MARC details
000 -LEADER
fixed length control field 00617cam a2200193 4500
001 - CONTROL NUMBER
control field D1831
008 - FIXED-LENGTH DATA ELEMENTS--GENERAL INFORMATION
fixed length control field 090401t1985 xxu||||| |||| 00| 0 eng d
035 ## - SYSTEM CONTROL NUMBER
System control number (Sirsi) u66102
041 ## - LANGUAGE CODE
Language code of text/sound track or separate title eng
050 ## - LIBRARY OF CONGRESS CALL NUMBER
Classification number 690.24
110 ## - MAIN ENTRY--CORPORATE NAME
Corporate name or jurisdiction name as entry element Building Maintenance Cost Information Service
9 (RLIN) 1702
245 ## - TITLE STATEMENT
Title Maintanance cost trends [wall chart]
260 ## - PUBLICATION, DISTRIBUTION, ETC.
Place of publication, distribution, etc. Kingston-upon-Thames
Name of publisher, distributor, etc. BMCIS
Date of publication, distribution, etc. 1985
300 ## - PHYSICAL DESCRIPTION
Extent 1 wall chart. 42 x 30cm
350 ## - PRICE (NR) (BK AM CF MU VM SE) [OBSOLETE]
Price 0
520 ## - SUMMARY, ETC.
Summary, etc. This item is part of a subscription service and cannot be photocopied. Please contact BMI direct on 0171-222-7000 for details.
942 ## - ADDED ENTRY ELEMENTS (KOHA)
Suppress in OPAC 0
948 ## - LOCAL PROCESSING INFORMATION (OCLC); SERIES PART DESIGNATOR (RLIN)
c (OCLC) 04/03/1997
Holdings
Withdrawn status Lost status Source of classification or shelving scheme Damaged status Not for loan Home library Current library Shelving location Date acquired Total Checkouts Full call number Barcode Date last seen Copy number Price effective from Koha item type
    Dewey Decimal Classification     London London Basement 14/09/1999   SHELF 310 30008391 06/08/2019 1 06/08/2019 Reference material